Statistics for 500 Biggest Cities in the Northeast (U.S.)

Click here to take the quiz!

General Stats

  • This quiz has been taken 117 times
  • The average score is 115 of 500

Answer Stats

PopulationStateAnswer% Correct
675,647MABoston
99%
8,804,190NYNew York City
99%
585,708MDBaltimore
97%
311,549NJNewark
96%
30,601DENewark
96%
1,603,799PAPhiladelphia
96%
302,958PAPittsburgh
96%
689,545DCWashington
96%
32,492NHRochester
95%
211,328NYRochester
95%
278,349NYBuffalo
94%
190,934RIProvidence
94%
121,054CTHartford
90%
211,569NYYonkers
90%
292,449NJJersey City
87%
134,023CTNew Haven
87%
148,620NYSyracuse
86%
90,871NJTrenton
86%
99,224NYAlbany
83%
50,088PAHarrisburg
83%
155,929MASpringfield
83%
59,713CTManchester
82%
115,644NHManchester
82%
26,377MABurlington
78%
44,743VTBurlington
78%
206,518MAWorcester
78%
148,654CTBridgeport
76%
32,741NHDover
76%
39,403DEDover
76%
18,460NJDover
76%
68,408MEPortland
76%
118,403MACambridge
74%
18,491MAConcord
73%
43,976NHConcord
73%
94,849PAErie
73%
70,898DEWilmington
73%
23,349MAWilmington
73%
125,858PAAllentown
72%
135,470CTStamford
72%
40,812MDAnnapolis
68%
137,298NJElizabeth
68%
159,732NJPaterson
68%
18,899MEAugusta
67%
76,336PAScranton
67%
38,497NJAtlantic City
65%
71,791NJCamden
64%
25,518MAReading
64%
95,100PAReading
64%
65,283NYUtica
62%
58,051PALancaster
60%
91,322NHNashua
60%
115,554MALowell
58%
25,163RINewport
58%
44,797PAYork
58%
31,753MEBangor
55%
48,671NYNiagara Falls
55%
114,403CTWaterbury
55%
32,108NYIthaca
54%
31,577NYPoughkeepsie
54%
86,518CTDanbury
53%
30,089NHSalem
53%
44,480MASalem
53%
61,217MAPlymouth
51%
101,079MANew Bedford
50%
75,604RIPawtucket
50%
101,636MAQuincy
50%
27,367CTNew London
49%
79,726NYNew Rochelle
49%
60,833CTBristol
47%
22,493RiBristol
47%
91,184CTNorwalk
47%
21,956NHPortsmouth
47%
17,871RIPortsmouth
47%
75,781PABethlehem
46%
32,618PAChester
46%
74,135CTNew Britain
45%
88,923MANewton
45%
59,559NYWhite Plains
45%
60,419NJHoboken
42%
101,253MALynn
42%
82,823RIWarwick
42%
44,322PAWilkes-Barre
42%
40,125CTNorwich
41%
67,047NYSchenectady
41%
51,401NYTroy
41%
105,643MABrockton
40%
94,000MAFall River
40%
78,171MDFrederick
40%
30,681NJPrinceton
40%
81,045MASomerville
40%
68,589NJUnion City
40%
63,518CTGreenwich
38%
34,454MALexington
38%
73,893NYMount Vernon
38%
40,487PAState College
38%
82,934RICranston
37%
37,121MELewiston
37%
16,937NJMadison
37%
17,691CTMadison
37%
55,266NJNew Brunswick
37%
21,930PANew Castle
37%
23,192DEMiddletown
36%
17,075RIMiddletown
36%
30,345NYMiddletown
36%
47,717CTMiddletown
36%
22,105CTWatertown
36%
24,685NYWatertown
36%
47,969NYBinghamton
35%
32,127NYRome
35%
64,083CTWest Hartford
35%
43,970PAAltoona
33%
59,169NYHempstead
33%
33,050MDSalisbury
33%
61,512CTFairfield
32%
89,143MALawrence
32%
70,537NJPassaic
32%
16,889MAAuburn
31%
26,866NYAuburn
31%
24,061MEAuburn
31%
43,527MDHagerstown
31%
22,529RILincoln
31%
30,379MAMilford
31%
16,131NHMilford
31%
52,044CTMilford
31%
67,117MDRockville
31%
39,263MAAmherst
29%
17,101MDEaston
29%
28,126PAEaston
29%
25,058MAEaston
29%
22,094VTEssex
29%
72,362MAFramingham
29%
33,261MAFranklin
29%
43,927MAPittsfield
29%
46,308MAArlington
28%
19,076MDCumberland
28%
36,405RICumberland
28%
14,282NHLebanon
28%
26,819PALebanon
28%
18,825CTMonroe
28%
14,280CTOrange
28%
28,491NYSaratoga Springs
28%
43,240RIWoonsocket
28%
71,686NJBayonne
27%
63,191MABrookline
27%
47,139RIEast Providence
27%
69,657MDGaithersburg
27%
29,729MAGloucester
27%
28,712NYJamestown
27%
20,292VTSouth Burlington
27%
60,780NJVineland
27%
52,912NJWest New York
27%
48,916MABarnstable
26%
90,296NJClifton
26%
15,490NHDurham
26%
51,045CTEast Hartford
26%
24,069NYKingston
26%
35,029NYLong Beach
26%
59,659MAMedford
26%
60,850CTMeriden
26%
29,571MANorthampton
26%
26,498MESouth Portland
26%
55,584CTWest Haven
26%
16,254MDAberdeen
24%
39,143MABraintree
24%
40,191NJFort Lee
24%
22,970MAWinchester
24%
23,322NHBedford
23%
14,383MABedford
23%
58,329MDBowie
23%
21,756MEBrunswick
23%
26,523NYElmira
23%
28,218NYHarrison
23%
19,450NJHarrison
23%
14,255MANantucket
23%
27,923CTEast Haven
22%
18,414PAJohnstown
22%
55,436NJPerth Amboy
22%
62,186MARevere
22%
20,113PACarlisle
21%
20,180NJMorristown
21%
15,807VTRutland
21%
59,408MATaunton
21%
18,671PAWest Chester
21%
27,766PAWilliamsport
21%
18,219NYAmsterdam
19%
20,175CTBerlin
19%
55,560MAChicopee
19%
69,612NJEast Orange
19%
38,411CTGroton
19%
14,833MAHanover
19%
16,430PAHanover
19%
66,263MAMalden
19%
20,126MDWestminster
19%
46,030NJHackensack
18%
67,787MAHaverhill
18%
25,394NHHudson
18%
20,092MAHudson
18%
28,856NYNewburgh
18%
24,253CTNorth Haven
18%
19,841NYPlattsburgh
18%
22,181NJSecaucus
18%
65,218MAWaltham
18%
16,339MAWestport
18%
27,141CTWestport
18%
28,633MABridgewater
17%
15,428MAClinton
17%
34,740MDCollege Park
17%
14,830NYGlens Falls
17%
16,214NHHampton
17%
38,238MAHolyoke
17%
14,636NJMiddlesex
17%
27,173CTNewtown
17%
35,792PANorristown
17%
18,253NYScarsdale
17%
52,355CTStratford
17%
35,515CTTorrington
17%
42,670MABeverly
15%
26,712CTFarmington
15%
23,047NHKeene
15%
43,782MALeominster
15%
34,114RINorth Providence
15%
16,921NYOswego
15%
26,698NJParamus
15%
54,481MAPeabody
15%
40,834MAWestfield
15%
31,032NJWestfield
15%
46,461MAAttleboro
14%
15,333VTBennington
14%
24,370MACanton
14%
21,499CTDarien
14%
14,336NJEdgewater
14%
16,049NHExeter
14%
43,738NJLinden
14%
31,667NJLong Branch
14%
41,793MAMarlborough
14%
27,491NJMillville
14%
17,803MARockland
14%
16,592NYRye
14%
15,129NYTonawanda
14%
23,359RIWesterly
14%
57,437MAWeymouth
14%
36,569MAAndover
13%
34,317NHDerry
13%
49,075MAEverett
13%
32,517MAFalmouth
13%
18,618MAFoxborough
13%
44,472NYFreeport
13%
61,169CTHamden
13%
14,044PAIndiana
13%
13,785MAIpswich
13%
25,826NHLondonderry
13%
20,441MAMarblehead
13%
32,091MANeedham
13%
19,202MANorton
13%
14,973CTPlainfield
13%
54,586NJPlainfield
13%
31,012RIWest Warwick
13%
29,492CTWindsor
13%
25,023MAYarmouth
13%
18,932CTAvon
12%
20,358CTBethel
12%
21,897PAChambersburg
12%
17,524VTColchester
12%
15,555CTColchester
12%
16,211MAEasthampton
12%
23,272NYGarden City
12%
17,768MAGreenfield
12%
29,936PAHazleton
12%
15,343NYJohnson City
12%
29,568RIJohnston
12%
32,954NYKiryas Joel
12%
19,949NYLackawanna
12%
23,860MAMansfield
12%
25,892CTMansfield
12%
20,622CTNew Canaan
12%
30,496NYNorth Tonawanda
12%
31,611MANorwood
12%
25,431NYPeekskill
12%
40,869CTShelton
12%
38,325MAShrewsbury
12%
43,501CTSouthington
12%
22,719NJSummit
12%
40,634NYValley Stream
12%
27,090MAWakefield
12%
29,550MAWellesley
12%
15,864NYWestbury
12%
21,535CTBloomfield
10%
36,392MAChelmsford
10%
17,556NYCortland
10%
33,783MADartmouth
10%
25,364MADedham
10%
42,141CTEnfield
10%
29,308NJEnglewood
10%
41,946MAFitchburg
10%
32,655NJGarfield
10%
30,060MDLaurel
10%
37,006MANatick
10%
23,446PAPottstown
10%
18,575MASharon
10%
18,303MASomerset
10%
17,740MASouthbridge
10%
30,215CTVernon
10%
19,571CTWaterford
10%
28,835MAWest Springfield
10%
24,425CTWindham
10%
15,817NHWindham
10%
18,434MEWindham
10%
40,876MAWoburn
10%
40,787MAChelsea
9%
28,733CTCheshire
9%
35,688RICoventry
9%
28,087MADanvers
9%
35,159CTGlastonbury
9%
28,365NYGlen Cove
9%
22,073CTGuilford
9%
14,807MDHavre de Grace
9%
24,284MAHingham
9%
41,999NJKearney
9%
15,049NJMetuchen
9%
20,800NYMineola
9%
18,289MANewburyport
9%
16,923NJNew Milford
9%
28,115CTNew Milford
9%
27,163PAPlum
9%
31,693NYPort Chester
9%
29,556NJRahway
9%
25,033CTRidgefield
9%
21,982MEScarborough
9%
33,066NYSpring Valley
9%
18,934MASudbury
9%
17,144MASwansea
9%
15,409NJTenafly
9%
15,828MEWaterville
9%
21,567MAWestborough
9%
22,552MEBiddeford
8%
20,452MABourne
8%
22,583RICentral Falls
8%
16,430MAEast Longmeadow
8%
23,149NJGlassboro
8%
18,773PALansdale
8%
20,151NYMamaroneck
8%
29,817MAMelrose
8%
53,039MAMethuen
8%
28,630MAMilton
8%
28,641PAMonroeville
8%
31,519CTNaugatuck
8%
30,536CTNewington
8%
27,551NYOssining
8%
14,222NHPelham
8%
34,984MARandolph
8%
26,016NYRockville Centre
8%
18,834NJRutherford
8%
20,381MESaco
8%
20,259MASandwich
8%
21,982MESanford
8%
28,619MASaugus
8%
45,345NJSayreville
8%
19,063MAScituate
8%
22,118RISmithfield
8%
23,244MAStoneham
8%
18,335CTStonington
8%
15,111MASwampscott
8%
36,827CTTrumbull
8%
20,400MEWestbrook
8%
24,643MAWestford
8%
17,062MAAbington
6%
18,918CTAnsonia
6%
16,945MABellingham
6%
27,295MABelmont
6%
28,321NJBergenfield
6%
42,119MABillerica
6%
28,273CTBranford
6%
27,263NJBridgeton
6%
25,693NJCliffside Park
6%
14,186NJCollingswood
6%
14,674MADennis
6%
16,090MADuxbury
6%
14,312RIEast Greenwich
6%
15,131NYGloversville
6%
18,336MEGorham
6%
19,637NJHawthorne
6%
18,758MAHopkinton
6%
15,205NYKenmore
6%
15,413CTLedyard
6%
15,853MALongmeadow
6%
20,438NYLynbrook
6%
15,060MAMashpee
6%
17,109NYMassapequa Park
6%
17,738PAMcKeesport
6%
14,532RINarragansett
6%
30,915MANorth Andover
6%
30,834MANorth Attleborough
6%
15,741MANorthborough
6%
15,554MANorth Reading
6%
13,937NYOlean
6%
20,292NJPalisades Park
6%
17,525CTPlainville
6%
20,629NJPleasantville
6%
18,941NJPoint Pleasant
6%
25,979NJRidgewood
6%
31,931RISouth Kingstown
6%
29,281MAStoughton
6%
17,629MDTakoma Park
6%
16,359RITiverton
6%
14,563CTTolland
6%
44,396CTWallingford
6%
26,383MAWalpole
6%
23,303MAWareham
6%
16,266MAWestwood
6%
27,298CTWethersfield
6%
19,316MAWinthrop
6%
28,692MAAgawam
5%
18,832MAAshland
5%
21,511PABaldwin
5%
15,600NYBatavia
5%
33,578PABethel Park
5%
17,528CTBrookfield
5%
25,326NJCarteret
5%
18,147NYCohoes
5%
32,617MADracut
5%
14,440MAEast Bridgewater
5%
15,924MAFairhaven
5%
15,025NJFairview
5%
21,287MAGardner
5%
14,969PAGreensburg
5%
19,905MAHolden
5%
17,752CTKillingly
5%
27,148NYLindenhurst
5%
20,876NYLockport
5%
26,206NJLodi
5%
21,002MALudlow
5%
24,245MAMiddleborough
5%
13,831MAMillbury
5%
16,457NJNorth Arlington
5%
18,361MAPembroke
5%
14,798NJRamsey
5%
20,845CTRocky Hill
5%
22,695NJRoselle
5%
19,879CTSouthbury
5%
15,752CTSuffield
5%
31,342MATewksbury
5%
13,943MAWayland
5%
15,121MAWhitman
5%
18,503CTWilton
5%
24,021MAActon
4%
15,350MABelchertown
4%
14,225CTCromwell
4%
15,178NYDepew
4%
17,863NJDumont
4%
18,693CTEast Lyme
4%
15,807MDElkton
4%
16,426CTEllington
4%
34,927NJFair Lawn
4%
18,577NHGoffstown
4%
19,664MAGrafton
4%
24,921MDGreenbelt
4%
15,072NJHighland Park
4%
14,996MAHolliston
4%
14,362NJHopatcong
4%
21,187MDHyattsville
4%
16,871NHLaconia
4%
21,641NJLindenwold
4%
25,825MAMarshfield
4%
26,632NHMerrimack
4%
27,732RINorth Kingstown
4%
22,808NJNorth Plainfield
4%
18,610PAPhoenixville
4%
15,142MARaynham
4%
15,531MASeekonk
4%
24,517CTSimsbury
4%
18,150MASouth Hadley
4%
24,338NJSouth Plainfield
4%
16,118NJSouth River
4%
26,918CTSouth Windsor
4%
19,181NJTinton Falls
4%
14,162MAUxbridge
4%
17,776MAWebster
4%
14,613MAWilbraham
4%
17,366MAAmesbury
3%
17,153RIBarrington
3%
16,158RIBurrillville
3%
14,045PADunmore
3%
21,422NJElmwood Park
3%
13,797PAEphrata
3%
16,172NYFloral Park
3%
15,490PAFranklin Park
3%
14,711NJHammonton
3%
14,871NHHooksett
3%
18,387CTMontville
3%
20,986PAMurrysville
3%
16,335MANorthbridge
3%
15,249NJPhillipsburg
3%
13,967NJRoselle Park
3%
19,593PAWest Mifflin
3%
16,142CTWolcott
3%
15,188NJAshbury Park
1%
16,231PAHermitage
1%
16,748CTSeymour
1%
15,059PAWhitehall
1%
14,352PAWilkinsburg
1%

Score Distribution

Percentile by Number Answered

Percent of People with Each Score

Your Score History

You have not taken this quiz